Моделирование всеобщего взаимодействия эволюционных процессов в социально-экологических системах монография
В книге рассмотрены особенности понятия времени на современном этапе развития человечества, закономерности развития социально-экологической системы, философские осмысления всеобщего взаимодействия. Впервые сформулирован и доказан «закон всеобщего взаимодействия» и его роль в формировании нового поко...
Bewaard in:
| Hoofdauteur: | |
|---|---|
| Andere auteurs: | , , |
| Formaat: | Книга |
| Taal: | Russian |
| Gepubliceerd in: |
Курск
Курская ГСХА
2009
|
| Editie: | 2-е изд. |
| Online toegang: | https://e.lanbook.com/book/134793 https://e.lanbook.com/img/cover/book/134793.jpg |
| Tags: |
Voeg label toe
Geen labels, Wees de eerste die dit record labelt!
|
| LEADER | 02457nam0a2200301 i 4500 | ||
|---|---|---|---|
| 001 | 134793 | ||
| 003 | RuSpLAN | ||
| 005 | 20221220174043.0 | ||
| 008 | 221220s2009 ru gs 000 0 rus | ||
| 040 | |a RuSpLAN | ||
| 041 | 0 | |a rus | |
| 044 | |a ru | ||
| 080 | |a 574.001.57 | ||
| 084 | |a 20.1в6 |2 rubbk | ||
| 245 | 0 | 0 | |a Моделирование всеобщего взаимодействия эволюционных процессов в социально-экологических системах |b монография |c Муха В. Д.,Волкова С. Н.,Муха Д. В.,Волкова Е. Е. |
| 250 | |a 2-е изд. | ||
| 260 | |a Курск |b Курская ГСХА |c 2009 | ||
| 300 | |a 157 с. | ||
| 504 | |a Библиогр.: доступна в карточке книги, на сайте ЭБС Лань | ||
| 520 | 8 | |a В книге рассмотрены особенности понятия времени на современном этапе развития человечества, закономерности развития социально-экологической системы, философские осмысления всеобщего взаимодействия. Впервые сформулирован и доказан «закон всеобщего взаимодействия» и его роль в формировании нового поколения. ВыЯвлена роль чисел как интеграции информации во всех отраслях человеческой деятельности. Предназначена для широкого круга читателей, в том числе профессорско-преподавательского состава, аспирантов, студентов, интересующихся математическими моделями, объясняющими взаимосвязь и взаимодействие процессов окружающего нас мира. | |
| 521 | 8 | |a Книга из коллекции Курская ГСХА - Ветеринария и сельское хозяйство | |
| 100 | 1 | |a Муха В. Д. | |
| 700 | 1 | |a Волкова С. Н. | |
| 700 | 1 | |a Муха Д. В. | |
| 700 | 1 | |a Волкова Е. Е. | |
| 856 | 4 | |u https://e.lanbook.com/book/134793 | |
| 856 | 4 | 8 | |u https://e.lanbook.com/img/cover/book/134793.jpg |
| 953 | |a https://e.lanbook.com/img/cover/book/134793.jpg | ||